00631cam a2200205 a 450000100100000000500170001000800410002704000290006805000160009708200170011310000330013024500790016326000370024230000340027950400320031365000200034565000160036570000240038170000200040500001119020250722101745.0690714s1969 nyua b 001 0 eng  aDO-SdBNPbengcLCdBNPHU00aRC566b.J63 a613.83bJ76d1 aJones, Kenneth Lamar,d1931-10aDrugs and alcohol /cKenneth L. Jones, Louis W. Shainberg, Curtis O. Byer. aNew York :bHarper & Row,c1969. aviii, 132 p. :bil. ;c24 cm. aBibliografía: p. 119-121. 0aAbuso de drogas 4aAlcoholismo1 aShainberg, Louis W.1 aByer, Curtis O.